Statistics for Tomodachi Collection & Life: Travel Locations

Click here to take the quiz!

General Stats

  • This quiz has been taken 6 times
  • The average score is 9 of 25

Answer Stats

Destination% Correct
Kyoto/Japan
100%
China
83%
France
83%
France
83%
Germany
83%
Spain
83%
Italy
67%
Italy
67%
America/New York
50%
Australia
50%
Egypt
33%
Space
33%
Switzerland
33%
Africa
17%
Hawaii
17%
Hawaii
17%
Peru
17%
Thailand
17%
Cambodia
0%
Guam
0%
Hong Kong
0%
Kyoto
0%
Okinawa
0%
Shanghai
0%
Tahiti
0%

Score Distribution

Percentile by Number Answered

Percent of People with Each Score

Your Score History

You have not taken this quiz